Sports Quiz

Random Sports Quiz

Seattle Mariners All-Stars (since 1990) Quiz Stats

Quiz not verified by Sporcle

Challenge
Share
Tweet
Embed
Score 0/66 Timer 10:00
0 Plays Today
Year Player % Correct
2003Edgar Martinez
99.4%
1999Ken Griffey
99.4%
1995Tino Martinez
99.4%
2001E. Martinez
98.8%
2000E. Martinez
98.8%
1998K. Griffey
98.8%
1997K. Griffey
98.8%
1997E. Martinez
98.8%
1996K. Griffey
98.8%
1996E. Martinez
98.8%
1995E. Martinez
98.8%
1995K. Griffey
98.8%
1994K. Griffey
98.8%
1993K. Griffey
98.8%
1992K. Griffey
98.8%
1992E. Martinez
98.8%
1991K. Griffey
98.8%
1990K. Griffey
98.8%
2014Felix Hernandez
98.2%
2013F. Hernandez
97.6%
2012F. Hernandez
97.6%
2011F. Hernandez
97.6%
2010Ichiro
97.6%
2009Ichiro
97.6%
2009F. Hernandez
97.6%
2008Ichiro
97.6%
2007Ichiro
97.6%
2006Ichiro
97.6%
2005Ichiro
97.6%
2004Ichiro
97.6%
2003Ichiro
97.6%
2002Ichiro
97.6%
2001Ichiro
97.6%
Year Player % Correct
2000Alex Rodriguez
97.6%
1998A. Rodriguez
97%
1997A. Rodriguez
97%
1996A. Rodriguez
97%
2014Robinson Cano
95.8%
2003Bret Boone
95.2%
2001B. Boone
95.2%
1996Jay Buhner
95.2%
1997Randy Johnson
94.5%
1995R. Johnson
93.3%
1994R. Johnson
93.3%
1993R. Johnson
93.3%
1990R. Johnson
93.3%
2003Jamie Moyer
86.1%
1996Dan Wilson
83%
2014Kyle Seager
80%
2001Mike Cameron
78.8%
2002Freddy Garcia
77.6%
2001F. Garcia
77.6%
2001John Olerud
74.5%
2002Kazuhiro Sasaki
72.1%
2001K. Sasaki
72.1%
2007J.J. Putz
63%
2013Hisashi Iwakuma
62.4%
1997Joey Cora
62.4%
2014Fernando Rodney
57.6%
2006Jose Lopez
54.5%
2000Aaron Sele
54.5%
2001Jeff Nelson
50.9%
2003Shigetoshi Hasegawa
39.4%
2011Brandon League
38.2%
2011Michael Pineda
33.9%
2010Cliff Lee
28.5%

You're not logged in!

Compare scores with friends on all Sporcle quizzes.
Sign Up with Email
OR
Log In

You Might Also Like...

Show Comments

Extras

Top Quizzes Today


Score Distribution

Your Account Isn't Verified!

In order to create a playlist on Sporcle, you need to verify the email address you used during registration. Go to your Sporcle Settings to finish the process.